Series Infancia Gen Z #7 - Estadísticas

Estadísticas generales
  • Esta prueba ha sido intentada 456 veces
  • La puntuación promedio es 8 de 16
Estadísticas de respuestas
Imagen Respuesta % Correcto
La pantera rosa
95%
La casa de Mickey Mouse
71%
Los osos amorosos
69%
El príncipe de Bel-air
64%
Dinotren
62%
Gormiti (2008)
62%
Little Einsteins
62%
Lilo y Stitch
59%
Mi perro tiene un blog
53%
Mil maneras de morir
47%
Lizzie McGuire
38%
Entre fantasmas
31%
Noddy
26%
Mi niñera es un vampiro
23%
Hotel, dulce hotel: Las aventuras de Zack y Cody
16%
Kuzco: Un emperador en el cole
14%
No se encontraron pruebas coincidentes
Distribución de puntuación
Porcentaje de gente con cada puntuación
Porcentaje por número respondido
Historial de tus puntuaciones
No has intentado esta prueba.